Statistics for History By Picture

Click here to take the quiz!

General Stats

  • This quiz has been taken 70 times
  • The average score is 11 of 20

Answer Stats

Answer% Correct
Mona Lisa
95%
Napoleon
94%
Soviet Union
92%
Taj Mahal
89%
Radar
78%
Rosetta Stone
75%
Marie Curie
72%
Cold War
65%
Parthenon
65%
Great Sphinx of Giza
63%
Zeppelin
55%
Pyramids of Giza
54%
Hieroglyphics
49%
Pantheon
46%
Great Fire of London
42%
Saint Basil’s Cathedral
20%
Walls of Jericho
5%
Sea of Galilee
3%
Mor Gabriel Monastery
2%
Sensoji Temple
2%

Score Distribution

Percentile by Number Answered

Percent of People with Each Score

Your Score History

You have not taken this quiz